TEACHING AND LEARNING PROCESS IN 21 CENTURY(TLP18)/ (Record no. 204649)

MARC details
000 -LEADER
fixed length control field 00565nam a22001817a 4500
005 - DATE AND TIME OF LATEST TRANSACTION
control field 20240730155133.0
010 ## - LCCN (DPL NO)
LC control number ENG-141009
020 ## - INTERNATIONAL STANDARD BOOK NUMBER
Terms of availability 350.00
International Standard Book Number 9789387871069
035 ## - SYSTEM CONTROL NUMBER
System control number EN-124540
037 ## - SOURCE OF ACQUISITION
Source of stock number/acquisition DBAD
082 ## - DEWEY DECIMAL CLASSIFICATION NUMBER
Classification number 371.102
100 ## - MAIN ENTRY--PERSONAL NAME
Personal name Sakthi,Om
245 ## - TITLE STATEMENT
Title TEACHING AND LEARNING PROCESS IN 21 CENTURY(TLP18)/
Statement of responsibility, etc Om Sakthi
260 ## - PUBLICATION, DISTRIBUTION, ETC. (IMPRINT)
Place of publication, distribution, etc Tamil Nadu
Name of publisher, distributor, etc SHANLAX PUBLICATION
Date of publication, distribution, etc 2018
270 ## - ADDRESS
City Tamil Nadu
Address 61,66 T.P.K.Main Road Vasantha Nager Madurai
Postal code 625003
300 ## - PHYSICAL DESCRIPTION
Extent 176p.
Dimensions 24cm(pb)
942 ## - ADDED ENTRY ELEMENTS (KOHA)
Source of classification or shelving scheme Dewey Decimal Classification
Item type English Books
Classification part 371.102
Call number suffix SAK
Holdings
Withdrawn status Lost status Not for loan Collection code Home library Current library Date acquired Source of acquisition Cost, normal purchase price Full call number Barcode Copy number Cost, replacement price Koha item type
      Non-fiction Janak Puri Janak Puri 30/07/2024 DBAD 350.00 371.102 SAK EN-124540 1 350.00 English Books

© Delhi Public Library
Hit Counter
free hit counter